书目信息 |
| 题名: |
读四书大全说
|
|
| 作者: | 王夫之 著 | |
| 分册: | 下册 | |
| 出版信息: | 北京 中华书局 1975.06 |
|
| 页数: | 357-758页 | |
| 开本: | 19cm | |
| 丛书名: | ||
| 单 册: | ||
| 中图分类: | B222.1 | |
| 科图分类: | ||
| 主题词: | 先秦哲学 | |
| 电子资源: | ||
| ISBN: | 7-101-00546-2 | |
| 000 | 00521nam0 2200181 45 | |
| 001 | 0402070329 | |
| 005 | 20060808154901.03 | |
| 010 | @a7-101-00546-2@dCNY11.40 | |
| 100 | @a20040207d1975 km y0chiy0120 ea | |
| 101 | 0 | @achi |
| 200 | 1 | @a读四书大全说@ADu Si Shu Da Quan Shuo@h下册@f(清)王夫之著@F(Qing)Wang Fu Zhi Zhu |
| 210 | @a北京@c中华书局@d1975.06 | |
| 215 | @a357-758页@d19cm | |
| 606 | 0 | @a先秦哲学 |
| 690 | @aB222.1@v3 | |
| 701 | 0 | @a王夫之@4著 |
| 801 | @aCN@bPftUser@c20060808 | |
| 905 | @dB222.1@e100:2@f2@b221373-374 | |
| 读四书大全说.下册/(清)王夫之著.-北京:中华书局,1975.06 |
| 357-758页;19cm |
| ISBN 7-101-00546-2:CNY11.40 |
| ● |
| 相关链接 |
|
|
|
|
正题名:读四书大全说
索取号:B222.1/100:2
 
预约/预借
| 序号 | 登录号 | 条形码 | 馆藏地/架位号 | 状态 | 备注 |
| 1 | 0221373 | 000507614 | 第一借阅区/ [索取号:B222.1/100:2] | 在馆 | |
| 2 | 0221374 | 000507570 | 第一样本阅览室/ [索取号:B222.1/100:2] | 在馆 | |
| 3 | 0221375 | 001870069 | 密集书库/ [索取号:B222.1/100:2] | 在馆 | |
| 4 | 0435169 | 204351691 | 密集书库/ [索取号:B222.1/100:2] | 在馆 | |
| 5 | 0447422 | 204474229 | 密集书库/ [索取号:B222.1/100:2] | 在馆 |